Statistics for Largest Geography

Click here to take the quiz!

General Stats

  • This quiz has been taken 125 times
    (104 since last reset)
  • The average score is 22 of 45

Answer Stats

HintAnswer% Correct
Biggest CityLondon
91%
Biggest CityMoscow
85%
Highest MountainMt Everest
85%
Biggest CityNew York
84%
Biggest CityParis
84%
Biggest CityGuangzhou
83%
Biggest CityToronto
83%
Biggest CitySydney
81%
Biggest CityBuenos Aires
80%
Longest RiverYangtze River
78%
Biggest CityMumbai
77%
Longest RiverGanges
71%
Largest IslandTasmania
71%
Longest RiverMissouri River
69%
Largest IslandBaffin Island
68%
Highest MountainMt Blanc
68%
Highest MountainBen Nevis
65%
Largest IslandGreat Britain
63%
Largest IslandCorsica
61%
Largest IslandHainan
55%
Highest MountainMt Elbrus
55%
Highest MountainMt McKinley
54%
Longest RiverRhine River
51%
Highest MountainMt Aconcagua
49%
Longest RiverMurray River
48%
Tallest BuildingThe Shard
45%
Longest RiverRiver Severn
44%
Largest IslandHawaii
43%
Tallest BuildingFreedom Tower
41%
Longest RiverYukon River
41%
Longest RiverLena
34%
Longest RiverParana River
32%
Highest MountainMt Logan
30%
Largest IslandSakhalin
29%
Tallest BuildingShanghai Tower
29%
Largest IslandTierra del Fuego
24%
Highest MountainMt Kosciusko
13%
Highest MountainKanchenjunga
9%
Tallest BuildingTour Montparnasee
6%
Tallest BuildingFederation Tower
5%
Tallest BuildingEureka Tower
4%
Tallest BuildingFirst Canadian Place
4%
Tallest BuildingAlvear Icon Hotel
3%
Largest IslandMajuli
3%
Tallest BuildingPalais Royale
3%

Score Distribution

Percentile by Number Answered

Percent of People with Each Score

Your Score History

You have not taken this quiz since the last reset